[Event "Chigorin Memorial 29th"]
[Site "St Petersburg"]
[Date "2022.10.29"]
[Round "8"]
[White "Bulavin, Alexander"]
[Black "Zavialov, Nikita A"]
[Result "1-0"]
[WhiteElo "2284"]
[BlackElo "2024"]
[PlyCount "69"]
[EventDate "2022.10.22"]
[EventType "swiss"]
[EventRounds "9"]
[EventCountry "RUS"]
[SourceTitle "EXT 2024"]
[Source "ChessBase"]
[SourceDate "2023.10.10"]
[SourceVersion "1"]
[SourceVersionDate "2023.10.10"]
[SourceQuality "1"]

1. c4 Nf6 2. Nc3 e6 3. d4 Bb4 4. e3 0-0 5. Bd3 d6 6. Nge2 e5 7. 0-0 c5 8. Ne4 cxd4 9. exd4 Nxe4 10. Bxe4 f5 11. Bd5+ Kh8 12. Qb3 Na6 13. Rd1 Qe7 14. a3 Ba5 15. c5 exd4 16. Nf4 g5 17. cxd6 Qxd6 18. Nd3 Bc7 19. g3 f4 20. Bd2 Bg4 21. Re1 fxg3 22. hxg3 Bf3 23. Nb4 Nxb4 24. Bxf3 Nc2 25. Qxc2 Rxf3 26. Qe4 Raf8 27. Bb4 Qb6 28. Bxf8 Rxf8 29. Re2 Rd8 30. Rd1 Qc5 31. Rd3 b5 32. Kg2 Qc4 33. Re1 Kg7 34. Qe7+ Qf7 35. Rf3 1-0

[Event "Chigorin Memorial 29th"]
[Site "St Petersburg"]
[Date "2022.10.27"]
[Round "6"]
[White "Garmash, Aliona"]
[Black "Zavialov, Nikita A"]
[Result "1-0"]
[WhiteElo "2080"]
[BlackElo "2024"]
[PlyCount "77"]
[EventDate "2022.10.22"]
[EventType "swiss"]
[EventRounds "9"]
[EventCountry "RUS"]
[SourceTitle "EXT 2024"]
[Source "ChessBase"]
[SourceDate "2023.10.10"]
[SourceVersion "1"]
[SourceVersionDate "2023.10.10"]
[SourceQuality "1"]

1. d4 Nf6 2. c4 e6 3. Nf3 d5 4. Nc3 c6 5. Bg5 h6 6. Bxf6 Qxf6 7. e3 Nd7 8. Bd3 g6 9. 0-0 Bg7 10. e4 0-0 11. cxd5 exd5 12. exd5 c5 13. dxc5 Nxc5 14. Be2 Bf5 15. Rc1 Rad8 16. Nd2 Rfe8 17. Nc4 Ne6 18. Ne3 Nf4 19. Bb5 Re5 20. Qf3 Qg5 21. Rfd1 a6 22. Be2 h5 23. Qg3 Qh6 24. h4 Bf6 25. Bf1 b5 26. b4 Be4 27. d6 Bb7 28. a4 a5 29. Nxb5 axb4 30. Rc7 Be4 31. d7 Re7 32. Nd6 Be5 33. Nef5 Qf8 34. Nxe7+ Qxe7 35. Qe3 Bxd6 36. Rc8 Nd5 37. Rxd8+ Qxd8 38. Qxe4 Nf6 39. Qc6 1-0

[Event "Moscow-ch U19"]
[Site "Moscow"]
[Date "2019.11.21"]
[Round "4"]
[White "Zavialov, Nikita A"]
[Black "Belyuga, Mikhail"]
[Result "0-1"]
[WhiteElo "2066"]
[BlackElo "1816"]
[PlyCount "118"]
[EventDate "2019.11.18"]
[EventType "swiss"]
[EventRounds "9"]
[EventCountry "RUS"]
[SourceTitle "CBM 193 Extra"]
[Source "ChessBase"]
[SourceDate "2020.01.31"]
[SourceVersion "1"]
[SourceVersionDate "2020.01.31"]
[SourceQuality "1"]

1. e4 d5 2. exd5 Nf6 3. d4 Nxd5 4. g3 g6 5. Bg2 Bg7 6. Ne2 Bg4 7. Nbc3 Nxc3 8. bxc3 c6 9. h3 Bxe2 10. Qxe2 0-0 11. Rb1 Qc8 12. 0-0 Re8 13. Rd1 Nd7 14. c4 e6 15. Be3 Nb6 16. Rb3 Qc7 17. Rdb1 Rab8 18. Qd3 Nd7 19. d5 exd5 20. cxd5 Ne5 21. Qf1 cxd5 22. Bxa7 Rbd8 23. Bb6 Qxc2 24. Bxd8 Rxd8 25. a4 Nc4 26. Qd1 Qf5 27. Rxb7 d4 28. Rb8 Qd7 29. R1b7 Qd6 30. Qf3 Ne5 31. Qb3 Rxb8 32. Rxb8+ Bf8 33. Rb6 Qc7 34. Bf1 d3 35. Rb5 d2 36. Qd1 Bh6 37. Be2 Nd7 38. a5 Be3 39. Kg2 Qc6+ 40. Kg1 Qc7 41. Kg2 Qc6+ 42. Kg1 Qc7 43. Kf1 Bh6 44. Rb1 Qxa5 45. Kg2 Qd5+ 46. Bf3 Qd4 47. Be2 Nc5 48. Rb8+ Kg7 49. Bf3 Nd3 50. Qf1 Ne1+ 51. Kh1 Nxf3 52. Qd1 Qxf2 53. Qa1+ Nd4 54. Rb1 Be3 55. Qa5 Qf3+ 56. Kh2 Qe2+ 57. Kh1 d1Q+ 58. Rxd1 Qxd1+ 59. Kg2 Qg1# 0-1

[Event "Moscow-ch U19"]
[Site "Moscow"]
[Date "2019.11.20"]
[Round "3"]
[White "Kozhukhov, Aleksandr1111"]
[Black "Zavialov, Nikita A"]
[Result "0-1"]
[WhiteElo "1627"]
[BlackElo "2066"]
[PlyCount "102"]
[EventDate "2019.11.18"]
[EventType "swiss"]
[EventRounds "9"]
[EventCountry "RUS"]
[SourceTitle "CBM 193 Extra"]
[Source "ChessBase"]
[SourceDate "2020.01.31"]
[SourceVersion "1"]
[SourceVersionDate "2020.01.31"]
[SourceQuality "1"]

1. d4 Nf6 2. Nf3 g6 3. c4 c5 4. g3 cxd4 5. Nxd4 Nc6 6. Nxc6 bxc6 7. Bg2 Bg7 8. 0-0 0-0 9. Nc3 Qc7 10. Bf4 e5 11. Bg5 Rb8 12. b3 d6 13. Qc2 Be6 14. e4 h6 15. Bxf6 Bxf6 16. Rad1 Bg7 17. Rd2 Rbd8 18. h3 f5 19. c5 dxc5 20. Rfd1 Rd4 21. Ne2 Rxd2 22. Qxd2 c4 23. b4 c5 24. b5 Kh7 25. Qd6 Qc8 26. Nc3 f4 27. Qc6 Bxh3 28. Qxc8 Bxc8 29. Rd5 fxg3 30. fxg3 Be6 31. Rxc5 Rc8 32. Rxc8 Bxc8 33. Bf1 Be6 34. Kf2 Bf8 35. Nd5 Bc5+ 36. Kf3 Bxd5 37. exd5 c3 38. Bd3 Kg7 39. a4 Kf6 40. g4 h5 41. gxh5 gxh5 42. a5 Bb4 43. a6 Ba5 44. Bc2 Kg5 45. Bd3 Bd8 46. Ke4 Kg4 47. Kxe5 Bb6 48. d6 h4 49. d7 h3 50. Kd6 h2 51. Be4 c2 0-1

[Event "Moscow-ch U19"]
[Site "Moscow"]
[Date "2019.11.19"]
[Round "2"]
[White "Zavialov, Nikita A"]
[Black "Pavlov, Danila"]
[Result "0-1"]
[WhiteElo "2066"]
[BlackElo "2369"]
[PlyCount "78"]
[EventDate "2019.11.18"]
[EventType "swiss"]
[EventRounds "9"]
[EventCountry "RUS"]
[SourceTitle "CBM 193 Extra"]
[Source "ChessBase"]
[SourceDate "2020.01.31"]
[SourceVersion "1"]
[SourceVersionDate "2020.01.31"]
[SourceQuality "1"]

1. e4 e6 2. d4 d5 3. exd5 exd5 4. Bd3 Nc6 5. Nf3 Bd6 6. 0-0 Bg4 7. c3 Qd7 8. Re1+ Nge7 9. Nbd2 0-0-0 10. b4 Rde8 11. b5 Nd8 12. Qa4 Kb8 13. Ne5 Bxe5 14. dxe5 Ng6 15. Bxg6 hxg6 16. Nb3 f6 17. Be3 b6 18. Bf4 g5 19. Bg3 f5 20. f4 gxf4 21. Bxf4 a5 22. Nd4 Rh5 23. h3 Bxh3 24. gxh3 g5 25. Bh2 f4 26. e6 Nxe6 27. Re5 Nxd4 28. Qxd4 Rxe5 29. Qxe5 Qxh3 30. Qe2 Rh8 31. Rd1 Qf5 32. Qg2 g4 33. Qxd5 Qxd5 34. Rxd5 g3 35. Bxg3 fxg3 36. a4 Rh4 37. Rd4 Rxd4 38. cxd4 c6 39. bxc6 b5 0-1

[Event "Moscow op-A 14th"]
[Site "Moscow"]
[Date "2018.02.04"]
[Round "9"]
[White "Rozhkov, Viacheslav"]
[Black "Zavialov, Nikita A"]
[Result "1-0"]
[WhiteElo "2281"]
[BlackElo "2152"]
[PlyCount "59"]
[EventDate "2018.01.27"]
[EventType "swiss"]
[EventRounds "9"]
[EventCountry "RUS"]
[SourceTitle "CBM 182 Extra"]
[Source "ChessBase"]
[SourceDate "2018.02.23"]
[SourceVersion "1"]
[SourceVersionDate "2018.02.23"]
[SourceQuality "1"]

1. e4 c5 2. Nf3 Nc6 3. d4 cxd4 4. Nxd4 e5 5. Nb5 d6 6. a4 f5 7. N1c3 a6 8. Bg5 Qxg5 9. Nc7+ Kd8 10. Nxa8 Nf6 11. Qd2 Qxd2+ 12. Kxd2 fxe4 13. Nb6 g6 14. Re1 Bf5 15. h3 h5 16. Bc4 Bh6+ 17. Kd1 Nd4 18. Nbd5 e3 19. Nxe3 Bxe3 20. fxe3 Nxc2 21. Re2 Nb4 22. e4 Bd7 23. Rf1 Ke7 24. Ref2 Rf8 25. b3 Be6 26. Kd2 h4 27. Ke3 d5 28. exd5 Nbxd5+ 29. Bxd5 Bxd5 30. Rxf6 1-0

[Event "Moscow Petrosian Memorial op"]
[Site "Moscow"]
[Date "2015.01.07"]
[Round "4"]
[White "Popov, Oleg1111"]
[Black "Zavialov, Nikita A"]
[Result "1-0"]
[WhiteElo "2054"]
[BlackElo "1710"]
[PlyCount "55"]
[EventDate "2015.01.04"]
[EventType "swiss"]
[EventRounds "9"]
[EventCountry "RUS"]
[SourceTitle "CBM 164 Extra"]
[Source "ChessBase"]
[SourceDate "2015.03.02"]
[SourceVersion "1"]
[SourceVersionDate "2015.03.02"]
[SourceQuality "1"]

1. d4 d5 2. c4 c6 3. Nc3 Nf6 4. e3 e6 5. Qc2 Nbd7 6. Nf3 Bd6 7. Bd3 0-0 8. 0-0 Re8 9. Re1 Nf8 10. e4 dxe4 11. Nxe4 Nxe4 12. Bxe4 Qc7 13. Be3 Bd7 14. Rad1 Rad8 15. a3 a5 16. h3 f5 17. Bd3 Ng6 18. Bg5 Rc8 19. c5 Bf4 20. Bc4 Kh8 21. g3 Bxg5 22. Nxg5 Re7 23. Nxe6 Bxe6 24. Rxe6 f4 25. Rxg6 hxg6 26. Qxg6 Re5 27. dxe5 Qxe5 28. Bd3 1-0